00327nam a2200109 a 450000500170000000800410001705000220005810000300008024500750011026000100018570000220019520141022142009.0120229s19uu xx 00 eng d aCD-ROMbS712 2010 aSophastienphong, Kiatchai aGetting finance in Asia /cKiatchai Sophastienphong, Anoma Kulathunga. c2010. aKulathunga, Anoma